Top 10 teams in each conference - Statistics

General Stats
  • This quiz has been taken 16 times
  • The average score is 15 of 20
Answer Stats
Hint Conf Answer % Correct
2 East Celtics
100%
6 East Heat
100%
10 West Lakers
93%
5 West Nuggets
93%
8 West Warriors
93%
3 East Knicks
87%
1 West Thunder
87%
5 East Bucks
80%
9 West Clippers
80%
9 East Bulls
73%
1 East Cavaliers
73%
4 East Magic
73%
8 East Pacers
73%
7 West Timberwolves
73%
7 East Hawks
67%
4 West Mavericks
67%
10 East Pistons
67%
3 West Rockets
67%
6 West Suns
67%
2 West Grizzles
7%
No matching quizzes found
Score Distribution
Percent of People with Each Score
Percentile by Number Answered
Your Score History
You have not taken this quiz